City to Transit System Logo Ultimate Quiz - Statistics

General Stats
  • This quiz has been taken 38 times
  • The average score is 31 of 116
Answer Stats
Picture Answer % Correct
London
79%
London
74%
London
71%
New York City
68%
Atlanta
62%
Boston
59%
Chicago
59%
Philadelphia
59%
San Francisco
59%
Toronto
56%
Vancouver
56%
Madrid
53%
Washington, DC
50%
Cairo
47%
San Francisco
47%
Cleveland
44%
Singapore
44%
Doha
41%
Monterrey
41%
Tokyo
41%
Glasgow
38%
Kharkiv
38%
Mexico City
38%
Hong Kong
35%
Los Angeles
35%
Montreal
35%
Oslo
35%
Ottawa
35%
Singapore
35%
Stockholm
35%
Moscow
32%
New York City/Staten Island
32%
Pittsburgh
32%
Seattle
32%
Tokyo
32%
Amsterdam
29%
Bangkok
29%
Barcelona
29%
Brussels
29%
Delhi
29%
Kyiv
29%
Lisbon
29%
Marseille
29%
Miami
29%
Newcastle upon Tyne
29%
Paris
29%
Rotterdam
29%
Sao Paulo
29%
Almaty
26%
Athens
26%
Baltimore
26%
Beijing
26%
Budapest
26%
Phoenix
26%
Prague
26%
Shanghai
26%
Warsaw
26%
Algiers
24%
Copenhagen
24%
Edmonton
24%
Helsinki
24%
Houston
24%
Manchester
24%
Minneapolis/St Paul
24%
San Diego
24%
Santiago
24%
Sydney
24%
Manila
21%
Saint Petersburg
21%
Sofia
21%
Tehran
21%
Ankara
18%
Caracas
18%
Guangzhou
18%
Hangzhou
18%
Hanoi
18%
Kuala Lumpur
18%
Lima
18%
Minsk
18%
Yekaterinburg
18%
Baku
15%
Buenos Aires
15%
Chengdu
15%
Chennai
15%
Chennai
15%
Guadalajara
15%
Lyon
15%
Melbourne
15%
Melbourne
15%
Nagoya
15%
Nizhny Novgorod
15%
Sapporo
15%
Seville
15%
St Louis
15%
Taipei
15%
Baltimore
12%
Bangkok
12%
Kazan
12%
Kochi
12%
Kyoto
12%
Nanjing
12%
Novosibirsk
12%
Rennes
12%
Waterloo
12%
Wuhan
12%
Fukuoka
9%
Jinan
9%
Kaohsiung
9%
Lille
9%
Toulouse
9%
Adana
6%
Catania
6%
Macau
6%
Shenzen
6%
Zhengzhou
6%
Kaohsiung
3%
No matching quizzes found
Score Distribution
Percent of People with Each Score
Percentile by Number Answered
Your Score History
You have not taken this quiz